| 000 | 01719nam0a2200373 4500 | ||
|---|---|---|---|
| 001 | RU\NLR\BIBL_A\011530368 | ||
| 005 | 20260406113444.0 | ||
| 010 |
_a9785990925533 _91000 |
||
| 021 |
_aRU _b2017-81067 _95789 |
||
| 035 | _a(RuMoRGB)009432650 | ||
| 035 | _a(NLR Aleph) 011530368 | ||
| 090 |
_a12142522 _c12142523 |
||
| 100 | _a20171120d2017 k y0rusy50 ca | ||
| 101 | 0 | _arus | |
| 102 | _aRU | ||
| 105 | _aachzzz0|||1zd | ||
| 200 | 1 |
_aМаксим Горький и писатели провинции _e[сборник к 150-летию со дня рождения А. М. Горького _fавтор-составитель: В. А. Гурьев, филолог] |
|
| 210 |
_aНижний Новгород _cБегемотНН _d2017 |
||
| 215 |
_a174 с. _cил., портр., факс. _d22 |
||
| 320 | _aБиблиогр. в подстроч. примеч. | ||
| 600 | 1 |
_aГорький _bМ. _f1868 - 1936 _gМаксим _xи русская литература _9907503 _3RU\NLR\AUTH\66330819 |
|
| 606 | 1 |
_aРусская советская литература _yНижегородская область _92349509 _3RU\NLR\AUTH\6601626840 |
|
| 686 |
_aШ5(2=Р)7-4Горький М.417,0 _2rubbk |
||
| 686 |
_aШ5(2=Р)7-4Белозеров А.А.4,02 _2rubbk |
||
| 686 |
_aШ5(2=Р)7-4Горький М.14,0 _2rubbk |
||
| 686 | 2 | _aШ5(2=Р)7-379 | |
| 686 | 1 | _aШ5(2=Р)7-4Горький317 | |
| 702 | 1 |
_4570 _7ca _8rus _aГорький _bМ. _f1868-1936 _gМаксим _9110200 _3RU\NLR\AUTH\77104 |
|
| 702 | 1 |
_aГурьев _bВ. А. _gВиктор Александрович _4220 |
|
| 942 | _cBOOK | ||
| 980 | _aNBR | ||